000 00530nam a2200181Ia 4500
008 090124s9999 xx 000 0 und d
082 _b129230
100 _aपाडळकर विजय
245 _a रानातील प्रकाश
250 _a1
260 _c2000
300 _a78
600 _aपाडळकर विजय
630 _a रानातील प्रकाश
700 _aपाडळकर विजय
730 _a रानातील प्रकाश
942 _cBOOK
999 _c175319
_d175319